|
|
|
|
| LEADER |
02627nam a2200661 i 4500 |
| 001 |
nkc20152693973 |
| 003 |
CZ PrNK |
| 005 |
20160426094518.0 |
| 007 |
ta |
| 008 |
150416s2014 xr e 000 0 cze |
| 015 |
|
|
|a cnb002693973
|
| 020 |
|
|
|a 978-80-7481-037-4
|q (brožováno)
|
| 035 |
|
|
|a (OCoLC)949212174
|
| 040 |
|
|
|a BOA001
|b cze
|e rda
|
| 043 |
|
|
|a e-xr---
|
| 045 |
|
|
|a y1y1
|
| 072 |
|
7 |
|a 37
|x Výchova a vzdělávání
|2 Konspekt
|9 22
|
| 080 |
|
|
|a 316.346.32-053.5
|2 MRF
|
| 080 |
|
|
|a 616.89-008.43
|2 MRF
|
| 080 |
|
|
|a 616.89-008.447
|2 MRF
|
| 080 |
|
|
|a 376
|2 MRF
|
| 080 |
|
|
|a 37.04
|2 MRF
|
| 080 |
|
|
|a 005.591
|2 MRF
|
| 080 |
|
|
|a (437.3)
|2 MRF
|
| 080 |
|
|
|a (047)
|2 MRF
|
| 100 |
1 |
|
|a Kucharská, Anna,
|d 1963-
|7 mzk2004230337
|4 aut
|
| 245 |
1 |
0 |
|a Třístupňový model péče (3MP) ve školách zapojených v projektu RAMPS-VIP III /
|c Anna Kucharská, Daniela Pokorná, Jana Mrázková a kol.
|
| 264 |
|
1 |
|a Praha :
|b Národní ústav pro vzdělávání, školské poradenské zařízení a zařízení pro další vzdělávání pedagogických pracovníků,
|c 2014
|
| 300 |
|
|
|a 57 stran ;
|c 25 cm
|
| 336 |
|
|
|a text
|b txt
|2 rdacontent
|
| 337 |
|
|
|a bez média
|b n
|2 rdamedia
|
| 338 |
|
|
|a svazek
|b nc
|2 rdacarrier
|
| 504 |
|
|
|a Obsahuje bibliografii a bibliografické odkazy
|
| 610 |
2 |
7 |
|a Rozvoj a metodická podpora poradenských služeb (projekt)
|7 mzk2016899226
|2 czenas
|
| 648 |
|
7 |
|a 2013
|7 ch967314
|2 czenas
|
| 648 |
|
7 |
|a 2011-2020
|7 ch460589
|2 czenas
|
| 650 |
0 |
7 |
|a děti školního věku
|7 ph119714
|2 czenas
|
| 650 |
0 |
7 |
|a specifické poruchy učení
|7 ph125888
|2 czenas
|
| 650 |
0 |
7 |
|a poruchy chování
|7 ph124386
|2 czenas
|
| 650 |
0 |
7 |
|a speciální pedagogika
|7 ph116230
|2 czenas
|
| 650 |
0 |
7 |
|a speciální vzdělávací potřeby
|7 ph754025
|2 czenas
|
| 650 |
0 |
7 |
|a programy a projekty
|7 ph255086
|z Česko
|y 2011-2020
|2 czenas
|
| 650 |
0 |
9 |
|a school children
|2 eczenas
|
| 650 |
0 |
9 |
|a learning disabilities
|2 eczenas
|
| 650 |
0 |
9 |
|a behavioral disorders
|2 eczenas
|
| 650 |
0 |
9 |
|a special education
|2 eczenas
|
| 650 |
0 |
9 |
|a special educational needs
|2 eczenas
|
| 650 |
0 |
9 |
|a programs and projects
|z Czechia
|y 2011-2020
|2 eczenas
|
| 655 |
|
7 |
|a zprávy
|7 fd133875
|2 czenas
|
| 655 |
|
9 |
|a reports
|2 eczenas
|
| 700 |
1 |
|
|a Pokorná, Daniela
|7 jx20100719017
|4 aut
|
| 700 |
1 |
|
|a Mrázková, Jana
|7 xx0062375
|4 aut
|
| 910 |
2 |
|
|a BOA001
|b 2-1358.580
|
| 990 |
|
|
|a BK
|
| 995 |
|
|
|a 01
|
| 991 |
|
|
|b 201601
|c NOV
|
| 996 |
6 |
|
|b 2610654448
|c 2-1358.580
|l MZK
|r Sklad / do 1 hodiny
|n 2
|p p.v.
|w 001537126
|u 000010
|a 1
|e BOA001
|j MZK50
|s P
|
| 996 |
7 |
|
|b 2610665757
|c 2-1358.580
|l MZK
|r Sklad / do 1 hodiny
|n 1
|p dar
|w 001537126
|u 000020
|a 1
|e BOA001
|j MZK50
|s A
|